000 00281nam a22001097a 4500
008 170111b xxu||||| |||| 00| 0 eng d
020 _a0395296447
041 _aeng
080 _a618.2
245 _aTEST BANK/NURSING: A HUMAN NEEDS APPROACH
_cELLIS & NOWLIS & BENTZ
942 _2udc
_cBK
999 _c2687
_d2687